[Event "DEM U14w 2024"]
[Site "Willingen GER"]
[Date "2024.05.20"]
[Round "3"]
[White "Fischermann, Charlotte"]
[Black "Richter, Anastasia"]
[Result "1-0"]
[Termination "normal"]
[Board "11"]
[WhiteElo "1622"]
[BlackElo "1562"]
[WhiteClock "00:53:09"]
[BlackClock "00:00:37"]
[PlyCount "80"]
[WhiteFideId "34619690"]
[BlackFideId "34659099"]
[EventCountry "GER"]
[EventRounds "9"]
[EventType "swiss"]
[EventDate "2024.05.18"]

1. e4 {[%clk 01:30:58]} {[%emt 00:00:02]} e5 {[%clk 01:30:56]} {[%emt
00:00:04]} 2. Nf3 {[%clk 01:31:21]} {[%emt 00:00:07]} Nc6 {[%clk 01:31:22]}
{[%emt 00:00:04]} 3. Bc4 {[%clk 01:31:38]} {[%emt 00:00:13]} Nf6 {[%clk
01:31:47]} {[%emt 00:00:05]} 4. d4 {[%clk 01:31:30]} {[%emt 00:00:39]} exd4
{[%clk 01:32:02]} {[%emt 00:00:14]} 5. O-O {[%clk 01:31:48]} {[%emt 00:00:11]}
Nxe4 {[%clk 01:31:56]} {[%emt 00:00:37]} 6. Re1 {[%clk 01:32:10]} {[%emt
00:00:08]} d5 {[%clk 01:32:18]} {[%emt 00:00:08]} 7. Bxd5 {[%clk 01:32:16]}
{[%emt 00:00:24]} Qxd5 {[%clk 01:32:42]} {[%emt 00:00:06]} 8. Nc3 {[%clk
01:32:38]} {[%emt 00:00:08]} Qa5 {[%clk 01:32:53]} {[%emt 00:00:17]} 9. Nxe4
{[%clk 01:32:37]} {[%emt 00:00:33]} Be6 {[%clk 01:32:12]} {[%emt 00:01:10]} 10.
Neg5 {[%clk 01:32:18]} {[%emt 00:00:49]} O-O-O {[%clk 01:31:00]} {[%emt
00:01:43]} 11. Nxe6 {[%clk 01:32:07]} {[%emt 00:00:41]} fxe6 {[%clk 01:31:20]}
{[%emt 00:00:10]} 12. Ng5 {[%clk 01:30:44]} {[%emt 00:01:53]} Bb4 {[%clk
01:18:29]} {[%emt 00:13:21]} 13. Rxe6 {[%clk 01:26:55]} {[%emt 00:04:19]} Rhe8
{[%clk 01:16:42]} {[%emt 00:02:14]} 14. Qg4 {[%clk 01:22:43]} {[%emt 00:04:44]}
Kb8 {[%clk 01:07:07]} {[%emt 00:10:05]} 15. Bf4 {[%clk 01:19:50]} {[%emt
00:03:23]} Qd5 {[%clk 00:47:04]} {[%emt 00:20:29]} 16. a3 {[%clk 01:15:29]}
{[%emt 00:04:56]} Bc5 {[%clk 00:34:43]} {[%emt 00:12:47]} 17. Rae1 {[%clk
01:14:40]} {[%emt 00:01:23]} Rf8 {[%clk 00:24:22]} {[%emt 00:10:50]} 18. Nxh7
{[%clk 01:12:32]} {[%emt 00:02:39]} Qf5 {[%clk 00:22:41]} {[%emt 00:02:05]} 19.
Qxf5 {[%clk 01:08:16]} {[%emt 00:04:51]} Rxf5 {[%clk 00:23:09]} {[%emt
00:00:02]} 20. g3 {[%clk 01:08:29]} {[%emt 00:00:18]} a5 {[%clk 00:18:20]}
{[%emt 00:05:17]} 21. Re8 {[%clk 01:07:15]} {[%emt 00:01:46]} Kc8 {[%clk
00:16:33]} {[%emt 00:02:16]} 22. Rxd8+ {[%clk 01:06:53]} {[%emt 00:00:53]} Kxd8
{[%clk 00:16:47]} {[%emt 00:00:16]} 23. Ng5 {[%clk 01:06:51]} {[%emt 00:00:32]}
Kd7 {[%clk 00:16:22]} {[%emt 00:00:53]} 24. Ne6 {[%clk 01:06:20]} {[%emt
00:01:01]} g6 {[%clk 00:15:20]} {[%emt 00:01:31]} 25. Bxc7 {[%clk 01:02:55]}
{[%emt 00:03:58]} d3 {[%clk 00:14:12]} {[%emt 00:01:38]} 26. Nxc5+ {[%clk
01:02:25]} {[%emt 00:01:01]} Rxc5 {[%clk 00:14:40]} {[%emt 00:00:01]} 27. Bf4
{[%clk 01:02:20]} {[%emt 00:00:34]} dxc2 {[%clk 00:08:24]} {[%emt 00:06:46]}
28. Kf1 {[%clk 00:59:22]} {[%emt 00:03:29]} Ne5 {[%clk 00:05:47]} {[%emt
00:03:07]} 29. Bxe5 {[%clk 00:59:25]} {[%emt 00:00:26]} c1=Q {[%clk 00:05:19]}
{[%emt 00:00:58]} 30. Rxc1 {[%clk 00:59:51]} {[%emt 00:00:04]} Rxc1+ {[%clk
00:05:42]} {[%emt 00:00:07]} 31. Kg2 {[%clk 01:00:17]} {[%emt 00:00:04]} Ke6
{[%clk 00:05:00]} {[%emt 00:01:11]} 32. Bc3 {[%clk 01:00:27]} {[%emt 00:00:21]}
a4 {[%clk 00:05:04]} {[%emt 00:00:25]} 33. h4 {[%clk 00:59:03]} {[%emt
00:01:55]} Kf5 {[%clk 00:04:49]} {[%emt 00:00:45]} 34. Kf3 {[%clk 00:58:54]}
{[%emt 00:00:40]} Rg1 {[%clk 00:04:06]} {[%emt 00:01:12]} 35. Ke3 {[%clk
00:58:23]} {[%emt 00:01:01]} Kg4 {[%clk 00:00:46]} {[%emt 00:03:50]} 36. Ke4
{[%clk 00:58:01]} {[%emt 00:00:52]} Rf1 {[%clk 00:00:34]} {[%emt 00:00:41]} 37.
Bd4 {[%clk 00:55:56]} {[%emt 00:02:37]} Re1+ {[%clk 00:00:40]} {[%emt
00:00:22]} 38. Kd5 {[%clk 00:55:15]} {[%emt 00:01:12]} Re8 {[%clk 00:00:47]}
{[%emt 00:00:22]} 39. Kc4 {[%clk 00:54:46]} {[%emt 00:01:00]} Re4 {[%clk
00:00:37]} {[%emt 00:00:40]} 40. Kd3 {[%clk 00:53:09]} {[%emt 00:02:08]} Kf3
1-0

[Event "DEM U14w 2024"]
[Site "Willingen GER"]
[Date "2024.05.20"]
[Round "3"]
[White "Färber, Anna"]
[Black "Rafikova, Ailin"]
[Result "1/2-1/2"]
[Termination "normal"]
[Board "12"]
[WhiteElo "1661"]
[BlackElo "1627"]
[WhiteClock "00:00:39"]
[BlackClock "00:01:16"]
[PlyCount "115"]
[WhiteFideId "34633480"]
[BlackFideId "34612173"]
[EventCountry "GER"]
[EventRounds "9"]
[EventType "swiss"]
[EventDate "2024.05.18"]

1. e4 {[%clk 01:30:48]} {[%emt 00:00:10]} c6 {[%clk 01:30:57]} {[%emt
00:00:04]} 2. d4 {[%clk 01:31:08]} {[%emt 00:00:10]} d5 {[%clk 01:31:23]}
{[%emt 00:00:03]} 3. e5 {[%clk 01:31:25]} {[%emt 00:00:13]} Bf5 {[%clk
01:31:47]} {[%emt 00:00:08]} 4. h4 {[%clk 01:31:47]} {[%emt 00:00:07]} h5
{[%clk 01:32:09]} {[%emt 00:00:08]} 5. Bd3 {[%clk 01:32:12]} {[%emt 00:00:05]}
Bxd3 {[%clk 01:32:32]} {[%emt 00:00:07]} 6. Qxd3 {[%clk 01:32:36]} {[%emt
00:00:05]} e6 {[%clk 01:32:48]} {[%emt 00:00:15]} 7. Bg5 {[%clk 01:32:45]}
{[%emt 00:00:20]} Qa5+ {[%emt 00:01:10]} 8. Nd2 {[%clk 01:32:56]} {[%emt
00:00:16]} Qa6 {[%clk 01:32:21]} {[%emt 00:00:21]} 9. c4 {[%clk 01:33:14]}
{[%emt 00:00:11]} Ne7 {[%clk 01:29:04]} {[%emt 00:03:47]} 10. Ne2 {[%clk
01:30:58]} {[%emt 00:02:46]} Nf5 {[%clk 01:27:53]} {[%emt 00:01:41]} 11. b3
{[%clk 01:29:49]} {[%emt 00:01:40]} Be7 {[%clk 01:22:27]} {[%emt 00:05:56]} 12.
Nf3 {[%clk 01:27:10]} {[%emt 00:03:08]} Nd7 {[%clk 01:20:05]} {[%emt 00:02:53]}
13. Ng3 {[%clk 01:24:46]} {[%emt 00:02:54]} Nxg3 {[%clk 01:14:58]} {[%emt
00:05:37]} 14. fxg3 {[%clk 01:24:57]} {[%emt 00:00:18]} Bb4+ {[%clk 01:11:56]}
{[%emt 00:03:32]} 15. Bd2 {[%clk 01:22:36]} {[%emt 00:02:51]} Bxd2+ {[%clk
01:06:23]} {[%emt 00:06:05]} 16. Nxd2 {[%clk 01:22:48]} {[%emt 00:00:17]} O-O-O
{[%clk 00:59:37]} {[%emt 00:07:15]} 17. Qc3 {[%clk 01:14:28]} {[%emt 00:08:51]}
Kb8 {[%clk 00:56:36]} {[%emt 00:03:31]} 18. O-O {[%clk 01:11:56]} {[%emt
00:03:02]} f6 {[%clk 00:50:05]} {[%emt 00:07:01]} 19. Rae1 {[%clk 01:04:42]}
{[%emt 00:07:43]} fxe5 {[%clk 00:45:20]} {[%emt 00:05:15]} 20. dxe5 {[%clk
01:05:10]} {[%emt 00:00:02]} Qb6+ {[%clk 00:41:25]} {[%emt 00:04:25]} 21. Kh2
{[%clk 01:04:13]} {[%emt 00:01:27]} Rdf8 {[%clk 00:38:43]} {[%emt 00:03:13]}
22. Nf3 {[%clk 01:02:19]} {[%emt 00:02:23]} Qc5 {[%clk 00:36:53]} {[%emt
00:02:20]} 23. Qd3 {[%clk 00:57:14]} {[%emt 00:05:35]} Rf5 {[%clk 00:30:36]}
{[%emt 00:06:47]} 24. Re2 {[%clk 00:51:49]} {[%emt 00:05:56]} Rhf8 {[%clk
00:27:00]} {[%emt 00:04:06]} 25. Rfe1 {[%clk 00:50:31]} {[%emt 00:01:48]} Qb6
{[%clk 00:14:31]} {[%emt 00:12:58]} 26. Re3 {[%clk 00:43:19]} {[%emt 00:07:42]}
Nc5 {[%clk 00:13:16]} {[%emt 00:01:46]} 27. Qd4 {[%clk 00:41:16]} {[%emt
00:02:31]} Re8 {[%clk 00:12:08]} {[%emt 00:01:40]} 28. Ng5 {[%clk 00:39:32]}
{[%emt 00:02:14]} Nd7 {[%clk 00:11:43]} {[%emt 00:00:55]} 29. Qd3 {[%clk
00:36:57]} {[%emt 00:03:05]} Rff8 {[%clk 00:09:45]} {[%emt 00:02:29]} 30. Qg6
{[%clk 00:19:50]} {[%emt 00:17:36]} Nc5 {[%clk 00:09:16]} {[%emt 00:00:59]} 31.
Qxh5 {[%clk 00:19:49]} {[%emt 00:00:31]} Re7 {[%clk 00:07:48]} {[%emt
00:01:58]} 32. Qg4 {[%clk 00:18:19]} {[%emt 00:01:59]} a5 {[%clk 00:07:18]}
{[%emt 00:01:01]} 33. Qd4 {[%clk 00:17:31]} {[%emt 00:01:18]} Ree8 {[%clk
00:06:33]} {[%emt 00:01:15]} 34. Rc1 {[%clk 00:15:15]} {[%emt 00:02:46]} Nd7
{[%clk 00:06:00]} {[%emt 00:01:03]} 35. Qxb6 {[%clk 00:13:48]} {[%emt
00:01:57]} Nxb6 {[%clk 00:06:28]} {[%emt 00:00:02]} 36. cxd5 {[%clk 00:12:53]}
{[%emt 00:01:25]} exd5 {[%clk 00:05:06]} {[%emt 00:01:52]} 37. e6 {[%clk
00:12:41]} {[%emt 00:00:42]} Nc8 {[%clk 00:04:11]} {[%emt 00:01:26]} 38. Rf3
{[%clk 00:11:22]} {[%emt 00:01:48]} Rxf3 {[%clk 00:03:47]} {[%emt 00:00:54]}
39. gxf3 {[%clk 00:11:42]} {[%emt 00:00:11]} g6 {[%clk 00:03:37]} {[%emt
00:00:40]} 40. g4 {[%clk 00:11:32]} {[%emt 00:00:39]} Nd6 {[%clk 00:01:22]}
{[%emt 00:02:45]} 41. Kg3 {[%clk 00:10:17]} {[%emt 00:01:43]} Kc7 {[%clk
00:26:47]} {[%emt 00:05:06]} 42. h5 {[%clk 00:38:24]} {[%emt 00:02:23]} gxh5
{[%clk 00:25:32]} {[%emt 00:01:45]} 43. gxh5 {[%clk 00:38:53]} Nf5+ {[%clk
00:20:53]} {[%emt 00:05:09]} 44. Kf4 {[%clk 00:37:43]} {[%emt 00:01:40]} Ng7
{[%clk 00:17:58]} {[%emt 00:03:24]} 45. Ke5 {[%clk 00:35:04]} {[%emt 00:03:11]}
Nxe6 {[%clk 00:09:09]} {[%emt 00:09:19]} 46. Kf6 {[%clk 00:34:26]} {[%emt
00:01:06]} Kd7 {[%clk 00:02:00]} {[%emt 00:07:41]} 47. Nxe6 {[%clk 00:30:12]}
{[%emt 00:04:44]} Rxe6+ {[%clk 00:02:26]} {[%emt 00:00:04]} 48. Kg7 {[%clk
00:30:02]} {[%emt 00:00:39]} Re7 {[%clk 00:02:14]} {[%emt 00:00:43]} 49. Kg6
{[%clk 00:30:17]} {[%emt 00:00:15]} Re6+ {[%clk 00:01:43]} {[%emt 00:01:01]}
50. Kg5 {[%clk 00:27:08]} {[%emt 00:03:39]} Re5+ {[%clk 00:01:33]} {[%emt
00:00:40]} 51. Kg4 {[%clk 00:21:50]} {[%emt 00:05:48]} Ke7 {[%clk 00:01:31]}
{[%emt 00:00:33]} 52. f4 {[%clk 00:21:12]} {[%emt 00:01:07]} Re6 {[%clk
00:01:18]} {[%emt 00:00:43]} 53. Kg5 {[%clk 00:18:01]} {[%emt 00:03:40]} Kf7
{[%clk 00:01:28]} {[%emt 00:00:20]} 54. f5 {[%clk 00:08:26]} {[%emt 00:10:06]}
Re8 {[%clk 00:01:32]} {[%emt 00:00:25]} 55. Rh1 {[%clk 00:03:58]} {[%emt
00:04:58]} Rg8+ {[%clk 00:01:20]} {[%emt 00:00:42]} 56. Kf4 {[%clk 00:03:11]}
{[%emt 00:01:17]} Rh8 {[%clk 00:00:58]} {[%emt 00:00:52]} 57. h6 {[%clk
00:00:39]} {[%emt 00:03:02]} Kf6 {[%clk 00:01:16]} {[%emt 00:00:13]} 58. Rh2
{[%clk 00:00:39]} {[%emt 00:00:30]} 1/2-1/2

[Event "DEM U14w 2024"]
[Site "Willingen GER"]
[Date "2024.05.20"]
[Round "3"]
[White "Funke, Luise"]
[Black "Neumann, Anna-Lena"]
[Result "1-0"]
[Termination "normal"]
[Board "13"]
[WhiteElo "1330"]
[BlackElo "861"]
[WhiteClock "01:03:18"]
[BlackClock "00:25:19"]
[PlyCount "73"]
[WhiteFideId "34623752"]
[BlackFideId "34660321"]
[EventCountry "GER"]
[EventRounds "9"]
[EventType "swiss"]
[EventDate "2024.05.18"]

1. e4 {[%clk 01:30:58]} {[%emt 00:00:01]} e5 {[%clk 01:30:53]} {[%emt
00:00:07]} 2. Nf3 {[%clk 01:31:22]} {[%emt 00:00:06]} Nc6 {[%clk 01:31:12]}
{[%emt 00:00:11]} 3. Bc4 {[%clk 01:31:46]} {[%emt 00:00:06]} Bc5 {[%clk
01:31:26]} {[%emt 00:00:16]} 4. c3 {[%clk 01:32:08]} {[%emt 00:00:08]} Nf6
{[%clk 01:31:44]} {[%emt 00:00:12]} 5. d4 {[%clk 01:32:32]} {[%emt 00:00:06]}
exd4 {[%clk 01:32:03]} {[%emt 00:00:12]} 6. e5 {[%clk 01:32:54]} {[%emt
00:00:08]} Ng4 {[%clk 01:30:59]} {[%emt 00:01:33]} 7. cxd4 {[%clk 01:32:36]}
{[%emt 00:00:47]} Bb4+ {[%clk 01:30:01]} {[%emt 00:01:29]} 8. Nc3 {[%clk
01:32:30]} {[%emt 00:00:36]} d6 {[%clk 01:29:15]} {[%emt 00:01:16]} 9. h3
{[%clk 01:27:34]} {[%emt 00:05:26]} Nh6 {[%clk 01:26:27]} {[%emt 00:03:18]} 10.
Bg5 {[%clk 01:27:37]} {[%emt 00:00:27]} Qd7 {[%clk 01:23:09]} {[%emt 00:03:49]}
11. Bb5 {[%clk 01:26:37]} {[%emt 00:01:29]} Qf5 {[%clk 01:21:27]} {[%emt
00:02:11]} 12. Bd3 {[%clk 01:21:30]} {[%emt 00:05:38]} Qe6 {[%clk 01:19:25]}
{[%emt 00:02:32]} 13. O-O {[%clk 01:20:57]} {[%emt 00:01:03]} Bxc3 {[%clk
01:18:40]} {[%emt 00:01:15]} 14. bxc3 {[%clk 01:21:12]} {[%emt 00:00:15]} dxe5
{[%clk 01:16:40]} {[%emt 00:02:30]} 15. dxe5 {[%clk 01:21:24]} {[%emt
00:00:18]} Nxe5 {[%clk 01:16:40]} {[%emt 00:00:30]} 16. Nxe5 {[%clk 01:21:35]}
{[%emt 00:00:19]} Qxe5 {[%clk 01:16:37]} {[%emt 00:00:33]} 17. Re1 {[%clk
01:21:56]} {[%emt 00:00:09]} Qxe1+ {[%clk 01:15:10]} {[%emt 00:01:57]} 18.
Qxe1+ {[%clk 01:22:18]} {[%emt 00:00:08]} Be6 {[%clk 01:14:46]} {[%emt
00:00:54]} 19. Bc4 {[%clk 01:22:22]} {[%emt 00:00:26]} O-O {[%clk 01:11:58]}
{[%emt 00:03:18]} 20. Bxe6 {[%clk 01:22:04]} {[%emt 00:00:48]} fxe6 {[%clk
01:12:06]} {[%emt 00:00:22]} 21. Qxe6+ {[%clk 01:21:58]} {[%emt 00:00:36]} Nf7
{[%clk 01:11:48]} {[%emt 00:00:48]} 22. Qg4 {[%clk 01:20:39]} {[%emt 00:01:49]}
Kh8 {[%clk 01:05:17]} {[%emt 00:07:02]} 23. Rd1 {[%clk 01:19:49]} {[%emt
00:01:19]} Ne5 {[%clk 01:00:16]} {[%emt 00:05:31]} 24. Qd4 {[%clk 01:18:17]}
{[%emt 00:01:59]} Rae8 {[%clk 00:54:42]} {[%emt 00:06:08]} 25. Qxa7 {[%clk
01:10:46]} {[%emt 00:08:00]} Rb8 {[%clk 00:41:37]} {[%emt 00:13:34]} 26. Qc5
{[%clk 01:09:50]} {[%emt 00:01:24]} Rf5 {[%clk 00:39:28]} {[%emt 00:02:43]} 27.
Qe7 {[%clk 01:07:21]} {[%emt 00:02:58]} Ng6 {[%clk 00:34:07]} {[%emt 00:05:51]}
28. Rd8+ {[%clk 01:05:56]} {[%emt 00:01:55]} Rxd8 {[%clk 00:34:03]} {[%emt
00:00:34]} 29. Qxd8+ {[%clk 01:06:18]} {[%emt 00:00:09]} Rf8 {[%clk 00:33:54]}
{[%emt 00:00:38]} 30. Qxc7 {[%clk 01:06:31]} {[%emt 00:00:17]} h6 {[%clk
00:31:25]} {[%emt 00:02:59]} 31. Be3 {[%clk 01:05:57]} {[%emt 00:01:03]} b5
{[%clk 00:30:49]} {[%emt 00:01:07]} 32. Bd4 {[%clk 01:04:33]} {[%emt 00:01:54]}
Rg8 {[%clk 00:29:52]} {[%emt 00:01:27]} 33. Qd7 {[%clk 01:04:13]} {[%emt
00:00:48]} Nf4 {[%clk 00:25:42]} {[%emt 00:04:41]} 34. Qxb5 {[%clk 01:03:53]}
{[%emt 00:00:50]} Kh7 {[%clk 00:25:31]} {[%emt 00:00:41]} 35. a4 {[%clk
01:03:06]} {[%emt 00:01:17]} Ne6 {[%clk 00:25:36]} {[%emt 00:00:25]} 36. Qf5+
{[%clk 01:03:00]} {[%emt 00:00:34]} g6 {[%clk 00:25:19]} {[%emt 00:00:51]} 37.
Qxe6 {[%clk 01:03:18]} {[%emt 00:00:11]} 1-0

[Event "DEM U14w 2024"]
[Site "Willingen GER"]
[Date "2024.05.20"]
[Round "3"]
[White "Hamati, Emeli"]
[Black "Eitel, Liz"]
[Result "0-1"]
[Termination "normal"]
[Board "14"]
[WhiteElo "853"]
[BlackElo "1602"]
[WhiteClock "00:05:46"]
[BlackClock "00:21:46"]
[PlyCount "60"]
[WhiteFideId "533000662"]
[BlackFideId "34622195"]
[EventCountry "GER"]
[EventRounds "9"]
[EventType "swiss"]
[EventDate "2024.05.18"]

1. e4 {[%clk 01:30:58]} {[%emt 00:00:01]} e5 {[%clk 01:30:54]} {[%emt
00:00:06]} 2. Nf3 {[%clk 01:31:22]} {[%emt 00:00:06]} Nc6 {[%clk 01:31:15]}
{[%emt 00:00:09]} 3. Bc4 {[%clk 01:31:44]} {[%emt 00:00:08]} Bc5 {[%clk
01:31:38]} {[%emt 00:00:07]} 4. O-O {[%clk 01:32:03]} {[%emt 00:00:11]} Nf6
{[%clk 01:31:59]} {[%emt 00:00:09]} 5. d4 {[%clk 01:32:17]} {[%emt 00:00:17]}
exd4 {[%clk 01:31:56]} {[%emt 00:00:33]} 6. e5 {[%clk 01:32:11]} {[%emt
00:00:35]} d5 {[%clk 01:31:37]} {[%emt 00:00:49]} 7. exf6 {[%clk 01:32:25]}
{[%emt 00:00:16]} dxc4 {[%clk 01:31:43]} {[%emt 00:00:24]} 8. fxg7 {[%clk
01:31:59]} {[%emt 00:00:57]} Rg8 {[%clk 01:31:13]} {[%emt 00:00:59]} 9. Bg5
{[%clk 01:31:54]} {[%emt 00:00:34]} Qd5 {[%clk 01:23:37]} {[%emt 00:08:06]} 10.
Nc3 {[%clk 01:27:34]} {[%emt 00:04:52]} Qf5 {[%clk 01:16:51]} {[%emt 00:07:15]}
11. Ne4 {[%clk 01:24:30]} {[%emt 00:03:35]} Rxg7 {[%clk 01:02:04]} {[%emt
00:15:17]} 12. Nh4 {[%clk 00:47:35]} {[%emt 00:37:24]} Qxe4 {[%clk 00:51:56]}
{[%emt 00:10:38]} 13. Re1 {[%clk 00:47:43]} {[%emt 00:00:20]} Qxe1+ {[%clk
00:52:21]} {[%emt 00:00:07]} 14. Qxe1+ {[%clk 00:47:56]} {[%emt 00:00:17]} Kf8
{[%clk 00:51:23]} {[%emt 00:01:28]} 15. Bh6 {[%clk 00:43:58]} {[%emt 00:04:28]}
Be6 {[%clk 00:48:17]} {[%emt 00:03:36]} 16. Bxg7+ {[%clk 00:44:01]} {[%emt
00:00:27]} Kxg7 {[%clk 00:48:35]} {[%emt 00:00:12]} 17. c3 {[%clk 00:37:00]}
{[%emt 00:07:32]} d3 {[%clk 00:47:42]} {[%emt 00:01:23]} 18. Nf3 {[%clk
00:33:51]} {[%emt 00:03:38]} Be7 {[%clk 00:44:02]} {[%emt 00:04:10]} 19. Ne5
{[%clk 00:33:00]} {[%emt 00:01:22]} Rd8 {[%clk 00:34:26]} {[%emt 00:10:05]} 20.
Nxc6 {[%clk 00:30:00]} {[%emt 00:03:30]} bxc6 {[%clk 00:34:45]} {[%emt
00:00:11]} 21. Qe5+ {[%clk 00:29:16]} {[%emt 00:01:14]} Bf6 {[%clk 00:33:47]}
{[%emt 00:01:29]} 22. Qxc7 {[%clk 00:27:13]} {[%emt 00:02:33]} Rd5 {[%clk
00:34:05]} {[%emt 00:00:11]} 23. Qxc6 {[%clk 00:19:01]} {[%emt 00:08:42]} d2
{[%clk 00:32:24]} {[%emt 00:02:11]} 24. Rd1 {[%clk 00:16:39]} {[%emt 00:02:52]}
Re5 {[%clk 00:31:42]} {[%emt 00:01:12]} 25. Kf1 {[%clk 00:15:39]} {[%emt
00:01:29]} Bg5 {[%clk 00:31:31]} {[%emt 00:00:42]} 26. Qf3 {[%clk 00:13:26]}
{[%emt 00:02:43]} Bd7 {[%clk 00:27:59]} {[%emt 00:04:02]} 27. Qg3 {[%clk
00:13:05]} {[%emt 00:00:51]} Rd5 {[%clk 00:24:38]} {[%emt 00:03:52]} 28. f4
{[%clk 00:13:06]} {[%emt 00:00:28]} Ba4 {[%clk 00:24:51]} {[%emt 00:00:17]} 29.
Qf3 {[%clk 00:09:22]} {[%emt 00:04:13]} Rd3 {[%clk 00:21:52]} {[%emt 00:03:30]}
30. Qf2 {[%clk 00:05:46]} {[%emt 00:04:06]} Bxd1 {[%clk 00:21:46]} {[%emt
00:00:36]} 0-1